| 000 | 00676nam a2200241Ia 4500 | ||
|---|---|---|---|
| 003 | OSt | ||
| 005 | 20220924131812.0 | ||
| 006 | a|||||r|||| 00| 0 | ||
| 007 | ta | ||
| 008 | 220923b |||||||| |||| 00| 0 tel d | ||
| 024 | _a347629 | ||
| 037 | _cTextual | ||
| 040 |
_aARTS _cARTS _btel |
||
| 041 |
_2tel _atel |
||
| 082 | _aO35,3NJW.1, J8 | ||
| 100 |
_aIvaturi Jwala Subrahmanyam Au. _9202914 |
||
| 245 | 0 | _aOohakandani Nijalu | |
| 260 |
_aVijayawada _bChetana Sahiti India _c1960 |
||
| 300 |
_a100p. _ccm. |
||
| 650 | _aTELUGU LITERATURE | ||
| 942 |
_hO35,3NJW.1, J8 _cTEXL _2CC |
||
| 999 |
_c428240 _d428240 |
||